000 00946nam a2200277 a 4500
001 BRL_1478
005 20190320211227.0
008 230114s1986----mx-abo####---#000-0#spa-#
020 _a968162260X
041 _aspa
044 _amx
050 4 _aF1221.T9
_b.R45 1986
100 1 _aReifler Bricker, Victoria
_d1940-
_927042
245 1 0 _aHumor ritual en la Altiplanicie de Chiapas
_cVictoria Reifler Ericker ; traducción de Judith Sabines Rodríguez.
260 _aMéxico
_bFCE
_c1986
300 _a214 p.
_bil., mapas, fotografías
_c20 cm.
440 0 _aSección de obras de antropología
_927043
500 _aAu1714
500 _aTraducción de: Ritual humor in highland Chiapas.
650 1 4 _aTzotziles
_xRitos y ceremonias
_927044
650 1 4 _aHumorismo mexicano
_xHistoria y crítica
_927045
650 1 4 _aDanza indígena
_zMéxico
_927046
700 1 _aSabines Rodríguez, Judith
_etr.
_927047
902 _aGRL
942 _2lcc
_cB
999 _c10288
_d10288